000 00446cam a22001457a 4500
008 180718b2005 xxu||||| |||| 00| 0 eng d
082 _aA81x54 01/09PCA
100 _aCensus of India 2001
245 _aRajasthan: primary census abstract
260 _aDelhi
_bThe Controller of Publications
_c2005
300 _a699p.
440 _aCensus of India 2001. Series-9, Rajasthan
500 _aContents: Tables A5 to A9
650 _aRajasthan - Census
999 _c488518
_d488518